| 000 | 00793nam a22002412 4500 | ||
|---|---|---|---|
| 001 | 0000003770 | ||
| 005 | 20151217151933.0 | ||
| 008 | 070515s xx 000 0 eng d | ||
| 020 |
_a0486432629 : _cGBP 32.95 |
||
| 040 |
_aKABU _cKABU |
||
| 050 | 0 |
_aQC355.2 _b.S77 2004 |
|
| 100 | 1 |
_aStrong, John. _@0000153902 |
|
| 245 | 1 | 0 |
_aConcepts of classical optics / _cJohn Strong; illustrations by Roger Hayward. |
| 260 |
_aNew York : _bDover Publications, Inc., _c2004. |
||
| 300 |
_axxi, 692 p. : _bill. ; _c22 cm. |
||
| 500 | _aOriginally published: San Francisco: W. H. Freeman, 1958. | ||
| 500 | _aIncludes index. | ||
| 650 | 0 |
_aPhysical optics. _@0000153903 |
|
| 650 | 0 |
_aOptics. _@0000153899 |
|
| 908 | _a070515 | ||
| 950 | _@1 | ||
| 999 |
_c6511 _d6511 |
||